| 000 | 01011nam a2200253 i 4500 | ||
|---|---|---|---|
| 003 | IT-RoINE | ||
| 005 | 20190610045903.0 | ||
| 008 | 980312r19691785sp |r 000|||spa|d | ||
| 040 |
_aUSA.BG _dUPSA _dIT-RoINE _cesslup IT-RoINE |
||
| 100 | 1 |
_923693 _aSempere y Guarinos, Juan, _d1754-1830 |
|
| 245 | 1 | 0 |
_aEnsayo de una biblioteca española de los mejores escritores del reinado de Carlos III / _cJuan Sempere y Guarinos. |
| 250 | _aEdición facsímil | ||
| 260 |
_aMadrid : _bGredos, _c1969. |
||
| 300 |
_a3 v. ; _c18 cm. |
||
| 336 |
_2rdacontent _atext |
||
| 337 |
_2rdamedia _aunmediated |
||
| 338 |
_2rdacarrier _avolume |
||
| 490 | 1 |
_aBiblioteca románica hispánica. _aIX, _aFacsímiles |
|
| 505 | 0 | _a[V.1.] t.1.-t.2. -- [V. 2.] t.3.-t.4. -- [V.3.] t.5.-t.6. | |
| 534 | _aReprod. facs. de la ed. de: Madrid : Imprenta Real, 1785-1789. | ||
| 650 | 4 |
_aEscritores españoles _ySiglo 18o. _vBibliografía _947974 |
|
| 830 | 0 |
_931655 _aBiblioteca románica hispánica. _nIX, _pFacsímiles |
|
| 942 | _cMTS | ||
| 999 |
_c24618 _d24618 |
||